[Event "Qatar Masters Open 2023"]
[Site "Doha QAT"]
[Date "2023.10.12"]
[Round "2.18"]
[White "Kuybokarov, Temur"]
[Black "Kushagra, Mohan"]
[Result "1-0"]
[WhiteTitle "GM"]
[BlackTitle "IM"]
[WhiteElo "2584"]
[BlackElo "2412"]
[WhiteFideId "14203049"]
[BlackFideId "25033638"]
[EventDate "2023.10.11"]

1. e4 e5 2. Nf3 Nc6 3. Bb5 a6 4. Ba4 Nf6 5. O-O Nxe4 6. d4 b5 7. Bb3 d5 8. dxe5
Be6 9. c3 Bc5 10. Nbd2 O-O 11. Bc2 Nxf2 12. Rxf2 f6 13. Nf1 Bxf2+ 14. Kxf2 fxe5
15. Kg1 Bg4 16. Ne3 Be6 17. Nf1 Bg4 18. Ne3 Be6 19. b3 d4 20. cxd4 Nxd4 21. Be4
Rc8 22. Bb2 Rf4 23. Bb7 Rb8 24. g3 Rf8 25. Bxd4 exd4 26. Nxd4 Bf7 27. Bc6 Qg5
28. Qc1 Rbd8 29. Nef5 Qf6 30. Qe3 Kh8 31. g4 Bd5 32. Rc1 Qf7 33. Bxd5 Rxd5 34.
Ne6 Re8 35. Re1 Qg6 36. Qe4 Rd2 37. h4 Qf6 38. Qc6 Rg8 39. Ng5 Rf8 40. Qxf6 gxf6
41. Nf7+ Kg8 42. N7h6+ Kh8 43. Re7 Rc8 44. Rg7 1-0

[Event "Qatar Masters Open 2023"]
[Site "Doha QAT"]
[Date "2023.10.12"]
[Round "2.19"]
[White "Bakhrillaev, Bakhrom"]
[Black "Pranav, V"]
[Result "1-0"]
[WhiteTitle "FM"]
[BlackTitle "GM"]
[WhiteElo "2302"]
[BlackElo "2579"]
[WhiteFideId "14212285"]
[BlackFideId "25060783"]
[EventDate "2023.10.11"]

1. d4 Nf6 2. c4 e6 3. Nc3 Bb4 4. e3 O-O 5. Bd3 c5 6. Ne2 d5 7. cxd5 cxd4 8. exd4
exd5 9. O-O h6 10. a3 Ba5 11. b4 Bb6 12. h3 Nc6 13. Be3 Re8 14. Qc2 Be6 15. Bf5
Rc8 16. Bxe6 Rxe6 17. Qd3 Bc7 18. Rac1 Re8 19. Rc2 Bd6 20. Na4 Rc7 21. Rfc1 Rce7
22. Nc5 Bxc5 23. Rxc5 Ne4 24. R5c2 Qd6 25. Bf4 Qf6 26. b5 Nxf2 27. Qf3 Nxh3+ 28.
gxh3 Re3 29. Qxe3 Rxe3 30. Bxe3 Ne7 31. Bf2 Qf3 32. Ng3 Qxa3 33. Rc7 Ng6 34.
R1c3 Qb2 35. Rf3 Nf8 36. Rfxf7 Ne6 37. Rxb7 Kh8 38. Kg2 Qb3 39. Rbe7 Ng5 40.
Rf8+ Kh7 41. h4 Qa3 42. Ree8 Ne4 43. h5 1-0

[Event "Qatar Masters Open 2023"]
[Site "Doha QAT"]
[Date "2023.10.12"]
[Round "2.20"]
[White "Vokhidov, Shamsiddin"]
[Black "Audi, Ameya"]
[Result "1-0"]
[WhiteTitle "GM"]
[BlackTitle "IM"]
[WhiteElo "2578"]
[BlackElo "2372"]
[WhiteFideId "14204223"]
[BlackFideId "25034430"]
[EventDate "2023.10.11"]

1. e4 e5 2. Nf3 Nc6 3. Bb5 a6 4. Ba4 Nf6 5. O-O Nxe4 6. d4 b5 7. Bb3 d5 8. dxe5
Be6 9. c3 Be7 10. Be3 O-O 11. Nbd2 Bg4 12. Re1 Nxd2 13. Bxd2 Na5 14. Bc2 c5 15.
a4 Nc4 16. Bc1 Qd7 17. h3 Bh5 18. b3 Na5 19. axb5 axb5 20. e6 fxe6 21. g4 Bg6
22. Ne5 Qd6 23. Bxg6 Bh4 24. Bf7+ Rxf7 25. Nxf7 Bxf2+ 26. Kxf2 Qh2+ 27. Ke3 Qg3+
28. Kd2 c4 29. Ne5 d4 30. Rxa5 Qxc3+ 31. Ke2 Rxa5 32. Qd2 cxb3 33. Bb2 Qg3 34.
Qxa5 Qg2+ 35. Kd3 Qc2+ 36. Kxd4 Qxb2+ 37. Qc3 Qf2+ 38. Kd3 b4 1-0

[Event "Qatar Masters Open 2023"]
[Site "Doha QAT"]
[Date "2023.10.12"]
[Round "2.21"]
[White "Aditya, Mittal"]
[Black "Bagwe, Gaurang"]
[Result "1-0"]
[WhiteTitle "GM"]
[BlackTitle "FM"]
[WhiteElo "2572"]
[BlackElo "2348"]
[WhiteFideId "35042025"]
[BlackFideId "45039895"]
[EventDate "2023.10.11"]

1. e4 c5 2. Nf3 d6 3. d4 cxd4 4. Nxd4 Nf6 5. Nc3 a6 6. Bg5 e6 7. Qf3 Be7 8.
O-O-O Qc7 9. g4 Bd7 10. Be3 h5 11. g5 Ng4 12. Bd2 Qc5 13. h3 Qxd4 14. hxg4 h4
15. Qe2 Nc6 16. Be3 Qb4 17. f4 O-O-O 18. Qf2 Kc7 19. Rd5 exd5 20. Nxd5+ Kb8 21.
Nxb4 Nxb4 22. a3 Nc6 23. Rxh4 Rhe8 24. Bc4 f6 25. g6 f5 26. Rh7 fxe4 27. Rxg7
Bxg4 28. Bd5 Bf5 29. Bxc6 bxc6 30. Ba7+ Ka8 31. Qb6 Rd7 32. Qxa6 Rh8 33. Rxe7 1-0

[Event "Qatar Masters Open 2023"]
[Site "Doha QAT"]
[Date "2023.10.12"]
[Round "2.22"]
[White "Rasulov, Vugar"]
[Black "Mayank, Chakraborty"]
[Result "1-0"]
[WhiteTitle "GM"]
[BlackTitle "CM"]
[WhiteElo "2560"]
[BlackElo "2333"]
[WhiteFideId "13402390"]
[BlackFideId "25659766"]
[EventDate "2023.10.11"]

1. d4 Nf6 2. c4 e6 3. Nc3 Bb4 4. g3 d5 5. Bg2 O-O 6. a3 Bxc3+ 7. bxc3 c5 8. cxd5
exd5 9. Nf3 Nc6 10. O-O Re8 11. dxc5 Ne4 12. Qc2 Qa5 13. Ng5 Nxg5 14. Bxg5 Qxc5
15. Qd2 Be6 16. Be3 Qa5 17. Rfd1 Rad8 18. h4 Ne5 19. Bd4 Nc6 20. Qb2 Nxd4 21.
Rxd4 b6 22. Rad1 Rc8 23. R1d3 Rc5 24. Qb3 Qa6 25. a4 h6 26. Re3 Rec8 27. Bxd5
Rxd5 28. Rxd5 Bxd5 29. Qxd5 Qxa4 30. Re7 Rf8 31. Kg2 b5 32. e4 a5 33. Rb7 b4 34.
c4 Qe8 35. c5 Qa8 36. c6 a4 37. Rxb4 a3 38. c7 Qc8 39. Qd6 a2 40. Ra4 Qb7 41.
Qd8 h5 42. Rxa2 Qxe4+ 43. Kh2 Qc6 44. Rd2 Qc5 45. Kg1 Kh7 46. Qxf8 Qxf8 47. Rd8
Qe7 48. c8=Q Qe1+ 49. Kg2 Qe4+ 50. Kh2 1-0

[Event "Qatar Masters Open 2023"]
[Site "Doha QAT"]
[Date "2023.10.12"]
[Round "2.23"]
[White "Rakshitta, Ravi"]
[Black "Kaidanov, Gregory"]
[Result "0-1"]
[WhiteTitle "WGM"]
[BlackTitle "GM"]
[WhiteElo "2272"]
[BlackElo "2554"]
[WhiteFideId "25073230"]
[BlackFideId "2008564"]
[EventDate "2023.10.11"]

1. e4 e6 2. d4 d5 3. Nc3 Nf6 4. exd5 exd5 5. Bd3 Nc6 6. Nf3 Bg4 7. Bb5 Bd6 8.
O-O O-O 9. Bxc6 bxc6 10. Bg5 Rb8 11. b3 h6 12. Bh4 g5 13. Bg3 Ne4 14. Bxd6 Qxd6
15. Ne2 Rfe8 16. Qd3 Re6 17. Ng3 Bxf3 18. gxf3 Nxg3 19. hxg3 Rbe8 20. Qc3 h5 21.
Rfe1 h4 22. Qd2 hxg3 23. Qxg5+ Kf8 24. Rxe6 gxf2+ 25. Kxf2 Qh2+ 26. Qg2 Qh4+ 27.
Ke3 Rxe6+ 28. Kd3 c5 29. c3 Qh7+ 30. Kd2 cxd4 31. Rh1 Rh6 32. Rxh6 Qxh6+ 33. Kc2
Qc6 34. Qg5 Qxc3+ 35. Kb1 Qe1+ 36. Kb2 Qe2+ 37. Kb1 Qd1+ 38. Kb2 Qe2+ 39. Kb1
Qd3+ 40. Kb2 Qxf3 41. Qd8+ Kg7 42. Qxc7 Qe2+ 43. Ka3 d3 44. Qg3+ Kh7 45. Qf4 Kg6
46. Qd6+ f6 47. Qxd5 d2 48. Qg8+ Kf5 49. Qd5+ Kg4 50. Qd7+ f5 51. Qd4+ Kh3 0-1

[Event "Qatar Masters Open 2023"]
[Site "Doha QAT"]
[Date "2023.10.12"]
[Round "2.24"]
[White "Adhiban, Baskaran"]
[Black "Laxman, R.R."]
[Result "1/2-1/2"]
[WhiteTitle "GM"]
[BlackTitle "GM"]
[WhiteElo "2551"]
[BlackElo "2322"]
[WhiteFideId "5018471"]
[BlackFideId "5005361"]
[EventDate "2023.10.11"]

1. e4 e5 2. Nf3 Nc6 3. Bc4 Bc5 4. c3 Nf6 5. d4 exd4 6. e5 d5 7. Bb5 Ne4 8. cxd4
Bb6 9. Nc3 O-O 10. Be3 Bg4 11. h3 Bh5 12. Rc1 Ba5 13. O-O Bxc3 14. bxc3 f6 15.
exf6 Qxf6 16. Be2 Rad8 17. Nd2 Nxd2 18. Bxd2 Bxe2 19. Qxe2 Na5 20. Rce1 Nc4 21.
Bc1 Qf7 22. f3 Rde8 23. Qf2 Qg6 24. Rxe8 Rxe8 25. Re1 Rxe1+ 26. Qxe1 Kf7 27. Bf4
c6 28. Kh2 Qf5 29. Bb8 a6 30. Qg3 Qd7 31. Be5 Nxe5 32. Qxe5 Qe6 33. Qc7+ Qe7 34.
Qxe7+ Kxe7 35. Kg3 b6 36. f4 c5 37. dxc5 bxc5 38. Kf3 Kf6 39. g4 h6 40. Ke3 Ke6
41. Kd3 Kf6 42. Kc2 g5 43. f5 Ke5 44. Kd3 Kf6 45. Ke3 Ke5 46. Kd3 Kf6 47. Ke3 1/2-1/2

[Event "Qatar Masters Open 2023"]
[Site "Doha QAT"]
[Date "2023.10.12"]
[Round "2.25"]
[White "Tan, Jun Ying"]
[Black "Yilmazyerli, Mert"]
[Result "0-1"]
[WhiteTitle "CM"]
[BlackTitle "GM"]
[WhiteElo "2250"]
[BlackElo "2533"]
[WhiteFideId "5710413"]
[BlackFideId "6305962"]
[EventDate "2023.10.11"]

1. d4 Nf6 2. c4 e6 3. Nc3 Bb4 4. e3 O-O 5. Bd2 d5 6. Nf3 b6 7. cxd5 exd5 8. Bd3
Bb7 9. Rc1 a6 10. O-O Bd6 11. Ne5 c5 12. f4 Nc6 13. Ng4 Nb4 14. Bb1 cxd4 15.
exd4 Re8 16. Ne5 Rc8 17. a3 Nc6 18. Be3 Na5 19. Bf2 Nc4 20. Bh4 Rc7 21. Qc2 g6
22. Qf2 Be7 23. Bg5 Nd7 24. Bxe7 Qxe7 25. Nxc4 dxc4 26. Rce1 Qf8 27. Rxe8 Qxe8
28. f5 Nf8 29. d5 Nd7 30. Qf4 Rc8 31. h4 Qf8 32. h5 gxh5 33. f6 Kh8 34. Qf5 Qc5+
35. Kh1 Nf8 36. Qg5 Ng6 37. Bxg6 Rg8 38. Ne4 Qf8 39. Qxh5 Rxg6 40. Kg1 h6 41.
Qe5 Qc8 42. Rf4 Kh7 43. Kh2 Qg8 44. Rf2 Kh8 45. Rd2 Rg4 46. Re2 Kh7 47. Nd6 Ba8
48. Rf2 Qg6 49. Nf5 Rg5 50. Kg1 Bb7 51. Qe4 Bc8 52. Nd6 Qxe4 53. Nxe4 Rxd5 54.
Nc3 Rd4 55. Kf1 Bg4 56. a4 Kg6 57. g3 h5 58. Kg2 Rd6 59. Ne4 Re6 60. Rf4 b5 61.
axb5 axb5 62. Kf2 b4 63. Kf1 Bf5 64. Nd2 Bd3+ 65. Kg1 c3 66. bxc3 bxc3 67. Nb3
Rb6 68. Nc5 Bf5 69. Kf2 c2 70. Rc4 Rb1 71. g4 hxg4 72. Nd3 Bxd3 73. Rc5 c1=Q 74.
Rxc1 Rxc1 75. Kg3 Kg5 76. Kf2 Kf4 77. Kg2 g3 78. Kh3 Rh1+ 79. Kg2 Be4# 0-1

[Event "Qatar Masters Open 2023"]
[Site "Doha QAT"]
[Date "2023.10.12"]
[Round "2.26"]
[White "Enkhtuul, Altan-Ulzii"]
[Black "Kevlishvili, Robby"]
[Result "0-1"]
[WhiteTitle "WGM"]
[BlackTitle "GM"]
[WhiteElo "2231"]
[BlackElo "2521"]
[WhiteFideId "4901444"]
[BlackFideId "1040634"]
[EventDate "2023.10.11"]

1. d4 Nf6 2. Nf3 d5 3. c4 e6 4. g3 Bb4+ 5. Bd2 Be7 6. Bg2 O-O 7. Qc2 Nbd7 8. O-O
c6 9. Bf4 a5 10. Rd1 a4 11. a3 Qa5 12. Nbd2 Nh5 13. Ng5 Ndf6 14. Be5 h6 15. Bxf6
Nxf6 16. Ngf3 c5 17. Rac1 cxd4 18. Nxd4 Bd7 19. cxd5 exd5 20. Nf5 Bd8 21. Nb1
Rc8 22. Nc3 Rc5 23. Ne3 Bc6 24. Qd3 Re8 25. Nexd5 Nxd5 26. Bxd5 Bf6 27. e4 Rc8
28. Qe3 Re8 29. Bxc6 bxc6 30. Na2 Rb5 31. Rxc6 Bxb2 32. Nb4 Bxa3 33. Qxa3 Rxb4
34. Ra6 Qxa6 35. Qxb4 a3 36. Ra1 a2 37. Qb2 Ra8 38. Qc2 Qa4 39. Qe2 Qb3 40. Qe1
Rb8 41. Kg2 Qb1 42. Qc3 Qxe4+ 43. f3 Qe2+ 44. Kh3 Qe6+ 45. Kg2 Rb1 46. h4 Rxa1
47. Qxa1 Qb3 48. Qe5 Qb1 49. Qe8+ Kh7 0-1

[Event "Qatar Masters Open 2023"]
[Site "Doha QAT"]
[Date "2023.10.12"]
[Round "2.27"]
[White "Pranesh, M"]
[Black "Rakesh, Kumar Jena"]
[Result "1/2-1/2"]
[WhiteTitle "GM"]
[BlackTitle "IM"]
[WhiteElo "2515"]
[BlackElo "2312"]
[WhiteFideId "35028600"]
[BlackFideId "5084822"]
[EventDate "2023.10.11"]

1. e4 e5 2. Nf3 Nc6 3. Bb5 a6 4. Ba4 Bc5 5. c3 Nge7 6. O-O Ba7 7. d4 Ng6 8. Bg5
f6 9. Be3 O-O 10. Nbd2 d6 11. Re1 Kh8 12. h3 b5 13. Bc2 Nce7 14. Nf1 Bb7 15. Ng3
Qe8 16. a4 Bb6 17. b3 Rd8 18. axb5 axb5 19. d5 Bxe3 20. fxe3 Ra8 21. c4 Qd7 22.
Qd2 c5 23. b4 cxb4 24. Qxb4 bxc4 25. Qxc4 Rfc8 26. Rxa8 Bxa8 27. Qa2 Qc7 28. Bd1
Qc5 29. Kh2 Bb7 30. Re2 Nf8 31. Rb2 Ra8 32. Qb3 Ba6 33. Rc2 Qa5 34. Ra2 Qc7 35.
Rc2 Qa5 36. Ra2 Qc7 37. Be2 Rb8 38. Qc2 Qxc2 39. Rxc2 Bxe2 40. Nxe2 f5 41. Ng5
fxe4 42. Nc3 Kg8 43. Ngxe4 Rb6 44. Nd2 Rb4 45. Ra2 Nf5 46. e4 Nd4 47. Ra6 Rb2
48. Nc4 Rc2 49. Ra3 h5 50. Ne3 Rd2 51. Nc4 Rc2 52. Ne3 Rd2 53. Ra6 Ng6 54. Rxd6
Nf4 55. Ra6 Nc2 56. Ncd1 h4 57. d6 Ne1 58. Nc3 Nexg2 59. Nxg2 Rxg2+ 60. Kh1 Rd2
61. Nd5 Nxd5 62. Ra8+ Kf7 63. d7 Rd1+ 64. Kh2 Rd2+ 65. Kh1 Rd1+ 66. Kh2 Rd2+ 67.
Kg1 Nf4 68. d8=Q Nxh3+ 69. Kf1 Rxd8 70. Rxd8 Ng5 71. Rh8 Nxe4 72. Rxh4 Nf6 73.
Ke2 1/2-1/2

[Event "Qatar Masters Open 2023"]
[Site "Doha QAT"]
[Date "2023.10.12"]
[Round "2.29"]
[White "Msellek, Ilyass"]
[Black "Nihal, Sarin"]
[Result "0-1"]
[WhiteTitle "IM"]
[BlackTitle "GM"]
[WhiteElo "2411"]
[BlackElo "2694"]
[WhiteFideId "675938"]
[BlackFideId "25092340"]
[EventDate "2023.10.11"]

1. e4 c5 2. Nf3 e6 3. g3 Nc6 4. Bg2 Nf6 5. Nc3 a6 6. O-O d6 7. d4 cxd4 8. Nxd4
Bd7 9. a4 Be7 10. h3 O-O 11. Be3 Rb8 12. Nxc6 bxc6 13. b3 a5 14. f4 Bc8 15. Qe2
d5 16. Rad1 Ra8 17. Qf2 Ba6 18. exd5 exd5 19. Rfe1 Bb4 20. Bb6 Qb8 21. Bd4 Nd7
22. Re3 Re8 23. Na2 Rxe3 24. Qxe3 Bf8 25. Ba1 h5 26. Nc1 Bc5 27. Bd4 Bxd4 28.
Qxd4 Nf6 29. Nd3 Bxd3 30. Rxd3 Qd6 31. Re3 Rb8 32. Qe5 Qd8 33. Kh2 Qb6 34. Re1
Qb4 35. Rd1 Re8 36. Qd4 Qxd4 37. Rxd4 Re2 38. c4 c5 39. Rd3 d4 40. Kg1 Kf8 41.
Bf3 Rb2 42. Kf1 h4 43. gxh4 Ne8 44. Ke1 Nd6 45. Kd1 Nf5 46. Kc1 Rf2 47. Be4 Ne3
48. f5 Rf4 49. Bb7 Rxf5 50. b4 axb4 51. a5 Rf1+ 52. Kd2 Nxc4+ 53. Ke2 Ra1 54. a6
Ra2+ 0-1

[Event "Qatar Masters Open 2023"]
[Site "Doha QAT"]
[Date "2023.10.12"]
[Round "2.30"]
[White "Zou, Chen"]
[Black "Oparin, Grigoriy"]
[Result "1/2-1/2"]
[WhiteTitle "IM"]
[BlackTitle "GM"]
[WhiteElo "2418"]
[BlackElo "2681"]
[WhiteFideId "8610959"]
[BlackFideId "24125890"]
[EventDate "2023.10.11"]

1. e4 c6 2. d4 d5 3. e5 c5 4. Nf3 cxd4 5. Nxd4 Nc6 6. c4 e6 7. Nc3 Bc5 8. Nxc6
bxc6 9. cxd5 cxd5 10. Qg4 Ne7 11. Bd3 Ng6 12. O-O Bd7 13. Bd2 O-O 14. Qh5 Rb8
15. b3 f5 16. exf6 Qxf6 17. Qe2 Bd4 18. Rac1 Ne5 19. Kh1 Nxd3 20. Qxd3 Bxf2 21.
Nxd5 exd5 22. Be3 Bxe3 23. Rxf6 Bxc1 24. Qxd5+ Kh8 25. Rxf8+ Rxf8 26. h3 Bc8 27.
Qc5 Rf1+ 28. Kh2 Be6 29. Qxa7 h6 30. Qa8+ Bg8 31. a4 Bf4+ 32. g3 Rf2+ 33. Kh1
Bxg3 34. a5 Rh2+ 35. Kg1 Ra2 36. b4 Be1 37. Qe4 Bc3 38. Kf1 Ra4 39. Qc6 Ra1+ 40.
Ke2 Bxb4 41. a6 Ra2+ 42. Kf1 Bd2 43. Qa8 Be3 44. Ke1 Bd4 45. Kd1 Bf2 46. Kc1 Ra3
47. Qc8 Ra5 48. Kd1 Ra2 49. Kc1 Bd4 50. Kd1 h5 51. Ke1 g6 52. Kd1 Ra5 53. Qc6
Ra1+ 54. Kd2 Ra2+ 55. Ke1 Bf7 56. Qa8+ Kg7 57. Qb7 g5 58. Kd1 Ra5 59. Ke2 Ra2+
60. Kd3 Bf2 61. Ke4 g4 62. hxg4 hxg4 63. Qb5 g3 64. Qe5+ Kg8 65. Qb8+ Kh7 66.
Qc7 Kg6 67. Qd6+ Kg7 68. Qe5+ Kg8 69. Qb8+ Kh7 70. Qc7 Re2+ 71. Kf5 Kg7 72. Qc3+
Kg8 73. a7 Re8 74. Qf3 Be6+ 75. Kg6 Bxa7 76. Qb7 Bd4 77. Qh7+ Kf8 78. Qh6+ Kg8
79. Qh7+ Kf8 80. Qh6+ Kg8 1/2-1/2

[Event "Qatar Masters Open 2023"]
[Site "Doha QAT"]
[Date "2023.10.12"]
[Round "2.31"]
[White "Aravindh, Chithambaram VR."]
[Black "Mohammad, Nubairshah Shaikh"]
[Result "1-0"]
[WhiteTitle "GM"]
[BlackTitle "IM"]
[WhiteElo "2649"]
[BlackElo "2432"]
[WhiteFideId "5072786"]
[BlackFideId "5053196"]
[EventDate "2023.10.11"]

1. d4 d5 2. Nf3 Nf6 3. c3 g6 4. Bf4 Bg7 5. h3 O-O 6. e3 c5 7. Nbd2 b6 8. a4 Nc6
9. Be2 Nd7 10. O-O Bb7 11. Qb3 Qc8 12. Rfd1 e6 13. Bd6 Rd8 14. Qa3 c4 15. b3
cxb3 16. Nxb3 Nf6 17. Rdc1 Ne4 18. Bf4 Bf8 19. Qb2 Nd6 20. Nfd2 Ba6 21. Bxd6
Bxe2 22. Bxf8 Kxf8 23. e4 dxe4 24. Nxe4 Bd3 25. Ng5 Rd5 26. Nxh7+ Kg7 27. c4 Rh5
28. Qd2 Bf5 29. Ng5 Qd8 30. f4 f6 31. Nf3 Qd6 32. Rc3 Be4 33. Re1 Bxf3 34. Rxf3
Rd8 35. Rd1 Kf7 36. Kh1 Na5 37. Nxa5 Rxa5 38. Rd3 Rxa4 39. d5 e5 40. fxe5 Qxe5
41. Re3 Qg5 42. d6 Rxc4 43. Qe2 Kf8 44. d7 Rc2 45. Re8+ 1-0

[Event "Qatar Masters Open 2023"]
[Site "Doha QAT"]
[Date "2023.10.12"]
[Round "2.32"]
[White "Panda, Sambit"]
[Black "Aryan, Chopra"]
[Result "0-1"]
[WhiteTitle "IM"]
[BlackTitle "GM"]
[WhiteElo "2395"]
[BlackElo "2634"]
[WhiteFideId "25091794"]
[BlackFideId "5084423"]
[EventDate "2023.10.11"]

1. d4 d5 2. c4 c6 3. cxd5 cxd5 4. Nc3 Nf6 5. Bf4 Nc6 6. e3 Bf5 7. Qb3 Na5 8.
Qa4+ Bd7 9. Qc2 e6 10. Nf3 Rc8 11. Bd3 Bb4 12. O-O Nh5 13. Be5 f6 14. Bg3 Nxg3
15. hxg3 Nc4 16. Rfc1 Nd6 17. g4 Qa5 18. Bxh7 Bxc3 19. bxc3 Ba4 20. Bg6+ Ke7 21.
Qb2 Rc6 22. Bc2 Bxc2 23. Qxc2 Ne4 24. Qb1 Rb6 25. Qc2 Rc8 26. Rab1 Rxc3 27. Rxb6
Qxb6 28. Qd1 Nxf2 29. Kxf2 Qb2+ 30. Kg3 Qxc1 31. Qa4 Qa3 32. Qb5 Qd6+ 33. Kh3
Qb6 34. Qe2 Qb1 35. Qd2 Rc2 0-1

[Event "Qatar Masters Open 2023"]
[Site "Doha QAT"]
[Date "2023.10.12"]
[Round "2.33"]
[White "Karthikeyan, Murali"]
[Black "Hari, Madhavan N B"]
[Result "1-0"]
[WhiteTitle "GM"]
[BlackTitle "IM"]
[WhiteElo "2611"]
[BlackElo "2408"]
[WhiteFideId "5074452"]
[BlackFideId "25054309"]
[EventDate "2023.10.11"]

1. e4 e6 2. d4 d5 3. Nd2 c5 4. Ngf3 cxd4 5. Nxd4 Nc6 6. Bb5 Bd7 7. Nxc6 bxc6 8.
Bd3 Bd6 9. Qe2 e5 10. O-O Ne7 11. exd5 cxd5 12. c4 e4 13. Bb1 O-O 14. cxd5 f5
15. a4 Nxd5 16. Ba2 Be6 17. Rd1 Qc7 18. Nf3 Bf4 19. g3 Bxc1 20. Raxc1 Qe7 21.
Nd4 Nf4 22. gxf4 Bxa2 23. b3 Qh4 24. Qxa2 Rf6 25. Kh1 Qxf4 26. b4+ Kh8 27. Qd2
Qh4 28. Qe3 Rg8 29. Rg1 f4 30. Qxe4 Qxf2 31. Rg2 Qh4 32. Nf3 Qh5 33. Rc5 Qh6 34.
Rc7 Re6 35. Ng5 Qxg5 36. Qxe6 Qd8 37. Rd7 Qc8 38. Rgd2 f3 39. Qxg8+ 1-0

[Event "Qatar Masters Open 2023"]
[Site "Doha QAT"]
[Date "2023.10.12"]
[Round "2.34"]
[White "Divya, Deshmukh"]
[Black "Paravyan, David"]
[Result "0-1"]
[WhiteTitle "WGM"]
[BlackTitle "GM"]
[WhiteElo "2408"]
[BlackElo "2599"]
[WhiteFideId "35006916"]
[BlackFideId "4194985"]
[EventDate "2023.10.11"]

1. e4 e5 2. Nf3 Nf6 3. d4 Nxe4 4. Bd3 d5 5. Nxe5 Nd7 6. Nxd7 Bxd7 7. O-O Bd6 8.
Nc3 Nxc3 9. bxc3 O-O 10. Qh5 f5 11. Re1 h6 12. Qf3 c6 13. Bf4 Qc7 14. g3 Rae8
15. Bxd6 Qxd6 16. Qf4 Qxf4 17. gxf4 Rxe1+ 18. Rxe1 b5 19. a4 bxa4 20. Rb1 Ra8
21. c4 dxc4 22. Bxc4+ Kf8 23. Ba6 Ke7 24. Rb4 a3 25. Ra4 c5 26. Rxa3 cxd4 27.
Bb7 Re8 28. Rxa7 Kd6 29. Bf3 g5 30. Ra6+ Kc5 31. Ra5+ Bb5 32. h3 Kb4 33. Ra7
gxf4 34. Rb7 Re5 35. Bc6 Kc4 36. Rb6 Bxc6 37. Rxc6+ Rc5 38. Rxh6 Kc3 39. Rd6 Rc4
40. h4 Kxc2 41. h5 d3 42. h6 d2 43. h7 Rc8 44. h8=Q Rxh8 45. Rc6+ Kd3 46. Rd6+
Ke2 47. Re6+ Kd1 48. Kg2 Rd8 0-1

[Event "Qatar Masters Open 2023"]
[Site "Doha QAT"]
[Date "2023.10.12"]
[Round "2.35"]
[White "Ostrovskiy, Aleksandr"]
[Black "Can, Emre"]
[Result "1/2-1/2"]
[WhiteTitle "IM"]
[BlackTitle "GM"]
[WhiteElo "2385"]
[BlackElo "2576"]
[WhiteFideId "2034239"]
[BlackFideId "6302181"]
[EventDate "2023.10.11"]

1. e4 c5 2. Nf3 Nc6 3. Bb5 Nf6 4. Nc3 d6 5. e5 Nd7 6. Bxc6 bxc6 7. Qe2 Nxe5 8.
Nxe5 dxe5 9. Qxe5 Qd4 10. Qe4 Qxe4+ 11. Nxe4 Bf5 12. f3 Bxe4 13. fxe4 g6 14. b3
Bg7 15. Rb1 Rb8 16. d3 Kd7 17. Be3 Bd4 18. Ke2 f5 19. Rhf1 Rhf8 20. Rf3 Rf6 21.
Rbf1 fxe4 22. dxe4 Ke6 23. Bg5 Rxf3 24. Rxf3 c4 25. Bf4 Rb5 26. Rh3 cxb3 27.
axb3 h5 28. Rg3 Kf6 29. Kd3 Bb6 30. Bd2 Bc7 31. Rf3+ Ke6 32. h3 Rb8 33. Ke2 Be5
34. Rd3 Rf8 35. Rf3 Rc8 36. Rd3 Rf8 37. Rf3 Rc8 1/2-1/2

[Event "Qatar Masters Open 2023"]
[Site "Doha QAT"]
[Date "2023.10.12"]
[Round "2.36"]
[White "Rakhmatullaev, Almas"]
[Black "Shimanov, Aleksandr"]
[Result "0-1"]
[WhiteTitle "IM"]
[BlackTitle "GM"]
[WhiteElo "2389"]
[BlackElo "2566"]
[WhiteFideId "14205793"]
[BlackFideId "4198603"]
[EventDate "2023.10.11"]

1. e4 e6 2. d4 d5 3. Nc3 Bb4 4. Ne2 Nf6 5. Bg5 dxe4 6. a3 Be7 7. Bxf6 gxf6 8.
Nxe4 f5 9. N4g3 h5 10. Nf4 h4 11. Ngh5 c5 12. dxc5 e5 13. Nd5 Rxh5 14. Bb5+ Nc6
15. Qxh5 Qxd5 16. Qh8+ Bf8 17. O-O Qxc5 18. c4 Be6 19. b4 Qd4 20. Rad1 Qf4 21.
g3 Qf3 22. Qxh4 Qg4 23. Qh8 Qg7 24. Qh5 Qg4 25. Qh8 Qg7 26. Qh5 Be7 27. Rfe1 Kf8
28. Bxc6 bxc6 29. Qf3 e4 30. Qf4 Rc8 31. h4 Qg6 32. b5 Kg7 33. a4 cxb5 34. cxb5
Rc3 35. Re3 Rc2 36. Rde1 Bc5 37. R3e2 Rc3 38. Kg2 Bd4 39. Rd2 Rf3 40. Qb8 Bf6
41. h5 Qg4 42. Red1 f4 43. Rd8 Rxf2+ 0-1

[Event "Qatar Masters Open 2023"]
[Site "Doha QAT"]
[Date "2023.10.12"]
[Round "2.37"]
[White "Karthik, Venkataraman"]
[Black "Jin, Yueheng"]
[Result "1/2-1/2"]
[WhiteTitle "GM"]
[WhiteElo "2563"]
[BlackElo "2398"]
[WhiteFideId "25006479"]
[BlackFideId "8616868"]
[EventDate "2023.10.11"]

1. d4 d5 2. c4 e6 3. Nc3 Be7 4. cxd5 exd5 5. Bf4 c6 6. e3 Bf5 7. Nge2 Nd7 8. h4
Be6 9. Ng3 g6 10. Qb3 Qb6 11. Qc2 Qd8 12. Qb3 Qb6 13. Qc2 Qd8 14. e4 Nb6 15. h5
g5 16. Be3 dxe4 17. Ngxe4 Nd5 18. Nxd5 Bxd5 19. Nc3 h6 20. Nxd5 cxd5 21. Bd3 Nf6
22. Bf5 O-O 23. O-O-O Ne4 24. Kb1 Nd6 25. Rh3 Qb6 26. Ka1 Nxf5 27. Qxf5 Qe6 28.
Rf3 Rac8 29. Kb1 Rc6 30. Qxe6 fxe6 31. Rxf8+ Bxf8 32. Rd3 Bd6 33. Bd2 Kg7 34. a4
b6 35. a5 b5 36. g3 a6 37. Re3 Kf6 38. Rf3+ Kg7 39. Re3 Kf6 40. Rf3+ 1/2-1/2

[Event "Qatar Masters Open 2023"]
[Site "Doha QAT"]
[Date "2023.10.12"]
[Round "2.38"]
[White "Panesar, Vedant"]
[Black "Makarian, Rudik"]
[Result "1/2-1/2"]
[WhiteTitle "FM"]
[BlackTitle "IM"]
[WhiteElo "2372"]
[BlackElo "2548"]
[WhiteFideId "35033018"]
[BlackFideId "44105681"]
[EventDate "2023.10.11"]

1. e4 c5 2. Nf3 d6 3. d4 cxd4 4. Nxd4 Nf6 5. Nc3 Nc6 6. Bg5 Bd7 7. Qd2 Nxd4 8.
Qxd4 h6 9. Bxf6 gxf6 10. O-O-O Qa5 11. Kb1 Rc8 12. f4 Qc5 13. Qd3 h5 14. Nd5 Bg7
15. c3 e6 16. Ne3 Ke7 17. Be2 b5 18. Rd2 b4 19. cxb4 Qxb4 20. a3 Qb8 21. Rhd1
Ba4 22. Re1 f5 23. Nc4 fxe4 24. Qxd6+ Qxd6 25. Nxd6 Rb8 26. Nxe4 Rhd8 27. Bd3
Rxd3 28. Rxd3 Rxb2+ 29. Kc1 Rxg2 30. Rd2 Rg4 31. Rf2 Bh6 32. Nc3 Bc6 33. Ne2 Kf6
34. Rg1 Rxg1+ 35. Nxg1 Bf8 36. Kb2 Bc5 37. Rf1 Bb5 38. Re1 Bf2 39. Rb1 Kf5 40.
Kc3 a6 41. Kd2 Kg4 42. Rb3 Bxg1 43. Rg3+ Kxf4 44. Rxg1 e5 45. h4 f5 46. Rg5 Be8
47. Rg8 Bf7 48. Rg7 Bd5 49. Rg5 Bf7 50. Rg7 Bd5 51. Rg5 Bf7 1/2-1/2